| Tag |
First Indicator |
Second Indicator |
Subfields |
| LEADER |
00000cam a2200000 i 4500 |
| 001 |
in00000307613 |
| 005 |
20151010151400.0 |
| 008 |
770825s1977 cau b s00010 eng |
| 010 |
|
|
|a 77151859
|
| 020 |
|
|
|c $2.50
|
| 035 |
|
|
|a (OCoLC)03271815
|
| 035 |
|
|
|9 ABH9499AM
|
| 040 |
|
|
|a DLC
|c DLC
|d TXA
|d UtOrBLW
|
| 043 |
|
|
|a f-ke---
|
| 049 |
|
|
|a TXAM
|c [1494819]
|
| 050 |
0 |
0 |
|a DT19.95.C3
|b A34 no. 17
|a HD2346.K4
|
| 082 |
0 |
|
|a 960 s
|a 338.6/42/096762
|
| 100 |
1 |
|
|a Child, Frank C.
|
| 245 |
1 |
0 |
|a Small-scale rural industry in Kenya /
|c Frank C. Child.
|
| 264 |
|
1 |
|a Los Angeles :
|b African Studies Center, University of California,
|c [1977]
|
| 264 |
|
4 |
|c ©1977
|
| 300 |
|
|
|a 120 pages ;
|c 26 cm.
|
| 336 |
|
|
|a text
|b txt
|2 rdacontent
|
| 337 |
|
|
|a unmediated
|b n
|2 rdamedia
|
| 338 |
|
|
|a volume
|b nc
|2 rdacarrier
|
| 490 |
1 |
|
|a Occasional paper - African Studies Center, University of California ; no. 17
|
| 504 |
|
|
|a Bibliography: pages 118-120.
|
| 650 |
|
0 |
|a Small business
|z Kenya.
|
| 650 |
|
0 |
|a Cottage industries
|z Kenya.
|
| 830 |
|
0 |
|a Occasional paper (University of California, Los Angeles. African Studies Center) ;
|v no. 17.
|
| 999 |
|
|
|a MARS
|
| 999 |
f |
f |
|s f8cb92be-348e-3d60-a8b9-cd5fa43d03aa
|i 3af65327-867a-3c55-b091-80ae0dfc09bf
|t 0
|
| 952 |
f |
f |
|p ric
|a Texas A&M University
|b Rellis Campus
|c Joint Library Facility
|d Remote Storage
|t 0
|e DT19.95.C3 A34 no. 17
|h Library of Congress classification
|i unmediated -- volume
|m A14817704947
|
| 998 |
f |
f |
|a DT19.95.C3 A34 no. 17
|t 0
|l Remote Storage
|